| 000 | 01093cam a22003255a 4500 | ||
|---|---|---|---|
| 001 | 013645141 | ||
| 003 | OSt | ||
| 005 | 20151015083102.0 | ||
| 008 | 070115r2007 enk b f001 0 eng d | ||
| 020 | _a9780198520658 (pbk.) | ||
| 020 | _a0198520654 (pbk.) | ||
| 040 |
_aStDuBDS _beng _cStDuBDS _dEG-ScBUE |
||
| 082 | 0 | 4 |
_a616.8914 _bOXF _222 |
| 245 | 0 | 0 |
_aOxford textbook of psychotherapy / _cedited by Glen O. Gabbard, Judith S. Beck and Jeremy Holmes. |
| 246 | 3 | 0 | _aTextbook of psychotherapy |
| 260 |
_aOxford ; _aNew York : _bOxford University Press, _c2007. |
||
| 300 |
_aix, 534 p. : _bill. ; _c28 cm. |
||
| 500 | _aOriginally published : 2005. | ||
| 500 | _aCommended in the 2006 BMA medical book competition. | ||
| 500 | _aIndex : p. 523-534. | ||
| 504 | _aIncludes bibliographical references. | ||
| 650 | 0 |
_aPsychotherapy _vTextbooks. _2BUEsh |
|
| 651 | _2BUEsh | ||
| 653 |
_bPPhrm _cOctober2015 |
||
| 655 |
_vText book _933728 |
||
| 700 | 1 |
_aGabbard, Glen O., _eeditor. |
|
| 700 | 1 |
_aBeck, Judith S., _eeditor. |
|
| 700 | 1 |
_aHolmes, Jeremy, _d1943-, _eeditor. |
|
| 942 | _2ddc | ||
| 999 |
_c20905 _d20877 |
||